[Event "Florianopolis op 3rd"]
[Site "Florianopolis"]
[Date "2017.01.24"]
[Round "7"]
[White "Manzi, Luiz Antonio Bardao"]
[Black "Schwertner, Joao Victor Moreir"]
[Result "1-0"]
[WhiteElo "2044"]
[BlackElo "1799"]
[PlyCount "85"]
[EventDate "2017.01.20"]
[EventType "swiss"]
[EventRounds "10"]
[EventCountry "BRA"]
[SourceTitle "CBM 176 Extra"]
[Source "ChessBase"]
[SourceDate "2017.03.02"]
[SourceVersion "1"]
[SourceVersionDate "2017.03.02"]
[SourceQuality "1"]

1. Nf3 d5 2. g3 Nf6 3. Bg2 Bg4 4. c4 c6 5. cxd5 cxd5 6. d4 Nc6 7. Nc3 e6 8. 0-0 Rc8 9. Ne5 Bf5 10. Bg5 h6 11. Bxf6 Qxf6 12. Nxc6 bxc6 13. e4 Bg6 14. exd5 exd5 15. Qa4 Be7 16. Nxd5 Qd6 17. Rfe1 Kf8 18. Nxe7 Rb8 19. Nxg6+ Qxg6 20. Qxa7 Rc8 21. Qd7 Rb8 22. Bxc6 Kg8 23. Re8+ Rxe8 24. Qxe8+ Kh7 25. Qe4 f5 26. Qf3 Rf8 27. Re1 Kh8 28. d5 f4 29. b4 Qd6 30. b5 fxg3 31. Qxf8+ Qxf8 32. Re8 gxf2+ 33. Kf1 Kg8 34. Rxf8+ Kxf8 35. b6 Ke7 36. b7 g5 37. b8Q h5 38. Qe5+ Kf7 39. d6 g4 40. Bd5+ Kg6 41. Be4+ Kf7 42. Qe7+ Kg8 43. d7 1-0

[Event "Sao Paulo Freitas op 2nd"]
[Site "Sao Paulo"]
[Date "2016.04.15"]
[Round "1"]
[White "Tsuboi, Edson Kenji"]
[Black "Schwertner, Joao Victor Moreir"]
[Result "1-0"]
[WhiteElo "2267"]
[BlackElo "1773"]
[PlyCount "133"]
[EventDate "2016.04.15"]
[EventType "swiss"]
[EventRounds "6"]
[EventCountry "BRA"]
[SourceTitle "CBM 171 Extra"]
[Source "ChessBase"]
[SourceDate "2016.04.26"]
[SourceVersion "1"]
[SourceVersionDate "2016.04.26"]
[SourceQuality "1"]

1. c4 c5 2. g3 Nc6 3. Bg2 g6 4. Nc3 Bg7 5. Nf3 Nf6 6. d4 cxd4 7. Nxd4 0-0 8. 0-0 Qb6 9. Nc2 d6 10. Ne3 Ne5 11. b3 Be6 12. Bb2 Rac8 13. Rb1 Bh6 14. Ncd5 Bxd5 15. Nxd5 Nxd5 16. Qxd5 Nc6 17. Rfd1 Bg7 18. Bxg7 Kxg7 19. h4 Rc7 20. h5 Ne5 21. hxg6 hxg6 22. Qd4 Qxd4 23. Rxd4 a6 24. f4 Ng4 25. Bf3 Nh6 26. Kf2 f5 27. Rh1 Nf7 28. Bd5 e5 29. Rd3 e4 30. Rdd1 Nh6 31. e3 Re7 32. Ke2 Ng4 33. Rh4 Rh8 34. Rxh8 Kxh8 35. Rh1+ Kg7 36. a4 Nf6 37. Rd1 a5 38. b4 axb4 39. Rb1 Nxd5 40. cxd5 Rc7 41. Rxb4 Kh6 42. Rb6 Rd7 43. g4 fxg4 44. Kf2 g3+ 45. Kxg3 Kh5 46. Rb1 Kh6 47. Kg4 Rc7 48. Rb6 Rc1 49. Rb4 Rg1+ 50. Kh3 Rd1 51. Rxe4 Rxd5 52. Kg4 Rd1 53. Rd4 Rg1+ 54. Kf3 Ra1 55. Rxd6 Rxa4 56. Rb6 Ra7 57. Kg4 Ra3 58. Kf3 Ra7 59. Rb5 Kg7 60. Kg4 Kf6 61. Rb6+ Kf7 62. e4 Kg7 63. Kg5 Kf7 64. e5 Ra1 65. Rxb7+ Ke6 66. Rb6+ Kf7 67. Rf6+ 1-0

[Event "Florianopolis op 2nd"]
[Site "Florianopolis"]
[Date "2016.01.17"]
[Round "2"]
[White "Schwertner, Joao Victor Moreir"]
[Black "Guerrero, Alvaro"]
[Result "0-1"]
[WhiteElo "1877"]
[BlackElo "2157"]
[PlyCount "24"]
[EventDate "2016.01.16"]
[EventType "swiss"]
[EventRounds "10"]
[EventCountry "BRA"]
[SourceTitle "CBM 170 Extra"]
[Source "ChessBase"]
[SourceDate "2016.02.25"]
[SourceVersion "1"]
[SourceVersionDate "2016.02.25"]
[SourceQuality "1"]

1. d4 g6 2. c4 f5 3. Nf3 Nf6 4. Nc3 Bg7 5. Bg5 0-0 6. Qd2 d6 7. Bh6 Na6 8. Bxg7 Kxg7 9. h4 Qe8 10. h5 Nxh5 11. Rxh5 gxh5 12. Qg5+ Kh8 0-1

[Event "Sao Paulo Hebraica op 23rd"]
[Site "Sao Paulo"]
[Date "2016.01.09"]
[Round "4"]
[White "Schwertner, Joao Victor Moreir"]
[Black "Alboredo, Julia"]
[Result "0-1"]
[WhiteElo "1877"]
[BlackElo "2057"]
[PlyCount "62"]
[EventDate "2016.01.08"]
[EventType "swiss"]
[EventRounds "6"]
[EventCountry "BRA"]
[SourceTitle "CBM 170 Extra"]
[Source "ChessBase"]
[SourceDate "2016.02.25"]
[SourceVersion "1"]
[SourceVersionDate "2016.02.25"]
[SourceQuality "1"]

1. a3 g6 2. d4 Bg7 3. e4 d6 4. Nc3 Nf6 5. Nf3 0-0 6. Bc4 Nbd7 7. 0-0 c6 8. Re1 e5 9. dxe5 dxe5 10. Bg5 Qc7 11. Qe2 Nc5 12. h3 Ne6 13. Be3 Nh5 14. Rad1 Qe7 15. Rd2 b5 16. Ba2 a5 17. Red1 Nef4 18. Qf1 g5 19. Nh2 Ne6 20. Rd6 Nd4 21. R6xd4 exd4 22. Bxd4 Bxd4 23. Rxd4 b4 24. Nb1 Nf6 25. Qd1 Ba6 26. c4 Rad8 27. Rxd8 Rxd8 28. Qe1 Qd7 29. Nf3 Qd1 30. Qxd1 Rxd1+ 31. Kh2 b3 0-1

[Event "Baeta Neves op 3rd"]
[Site "Baeta Neves"]
[Date "2015.09.24"]
[Round "2"]
[White "Schwertner, Joao Victor Moreir"]
[Black "Santos, Jose Antonio Dos"]
[Result "1-0"]
[WhiteElo "1913"]
[BlackElo "1693"]
[PlyCount "55"]
[EventDate "2015.09.24"]
[EventType "swiss"]
[EventRounds "6"]
[EventCountry "BRA"]
[SourceTitle "EXT 2016"]
[Source "ChessBase"]
[SourceDate "2015.10.08"]
[SourceVersion "1"]
[SourceVersionDate "2015.10.08"]
[SourceQuality "1"]

1. d4 d5 2. c4 c6 3. e3 Nf6 4. Nc3 Bf5 5. Nf3 e6 6. a3 a5 7. Qb3 Qc7 8. c5 Nbd7 9. Na4 Be7 10. Bd2 0-0 11. Rc1 Ne4 12. Bc3 Nxc3 13. bxc3 b5 14. cxb6 Nxb6 15. Qxb6 Qxb6 16. Nxb6 Ra7 17. Na4 Bxa3 18. Ra1 Bd6 19. Be2 Rb8 20. 0-0 Bc2 21. Rfc1 Bxa4 22. Rxa4 c5 23. c4 Rb4 24. Rca1 Rxa4 25. Rxa4 cxd4 26. Nxd4 Bb4 27. cxd5 exd5 28. Nc6 1-0

[Event "Cordeiropolis Freitas Levy Memorial"]
[Site "Cordeiropolis"]
[Date "2015.05.23"]
[Round "4"]
[White "Schwertner, Joao Victor Moreir"]
[Black "Carvalho, Celestino Jr"]
[Result "1-0"]
[WhiteElo "1771"]
[BlackElo "1997"]
[PlyCount "41"]
[EventDate "2015.05.22"]
[EventType "swiss"]
[EventRounds "6"]
[EventCountry "BRA"]
[SourceTitle "CBM 166 Extra"]
[Source "ChessBase"]
[SourceDate "2015.06.18"]
[SourceVersion "1"]
[SourceVersionDate "2015.06.18"]
[SourceQuality "1"]

1. d4 d5 2. c4 e6 3. Nc3 Nf6 4. Nf3 Nbd7 5. e3 c6 6. a3 Bd6 7. Bd3 dxc4 8. Bxc4 0-0 9. 0-0 Qc7 10. e4 e5 11. h3 h6 12. Be3 a6 13. b4 b5 14. Be2 exd4 15. Nxd4 Re8 16. Rc1 Be5 17. Nd5 cxd5 18. Rxc7 Bxc7 19. exd5 Nxd5 20. Qd2 N5f6 21. Nf5 1-0

[Event "Cordeiropolis Freitas Levy Memorial"]
[Site "Cordeiropolis"]
[Date "2015.05.22"]
[Round "1"]
[White "Schwertner, Joao Victor Moreir"]
[Black "Sega, Carlos Alberto"]
[Result "0-1"]
[WhiteElo "1771"]
[BlackElo "2216"]
[PlyCount "106"]
[EventDate "2015.05.22"]
[EventType "swiss"]
[EventRounds "6"]
[EventCountry "BRA"]
[SourceTitle "CBM 166 Extra"]
[Source "ChessBase"]
[SourceDate "2015.06.18"]
[SourceVersion "1"]
[SourceVersionDate "2015.06.18"]
[SourceQuality "1"]

1. d4 Nf6 2. c4 e6 3. Nf3 b6 4. e3 Bb7 5. Bd3 Be7 6. 0-0 0-0 7. b3 c5 8. Bb2 cxd4 9. Nxd4 Na6 10. Nc3 Nc5 11. Bc2 d5 12. cxd5 Nxd5 13. Nxd5 Qxd5 14. f3 Bf6 15. Qe1 Ba6 16. Rf2 Nd3 17. Bxd3 Bxd3 18. Rd2 Ba6 19. Rad1 Qg5 20. Qf2 Rac8 21. Ba3 Rfe8 22. e4 Be5 23. Ne2 Qh5 24. f4 Bxe2 25. Rxe2 Bxf4 26. g3 Be5 27. Rd7 a5 28. Red2 b5 29. Bd6 Bxd6 30. R2xd6 Rf8 31. Ra6 Qe5 32. Rd4 b4 33. Rad6 h6 34. Qd2 Rc3 35. Kg2 Qc5 36. Qf2 Kh7 37. Rd2 Qe5 38. Qd4 Qxd4 39. R6xd4 Kg6 40. Rf2 Rfc8 41. Kh3 Rc2 42. Rdd2 Rxd2 43. Rxd2 Kf6 44. Rf2+ Ke7 45. Kg4 f6 46. h4 Rc3 47. h5 Rc5 48. Rd2 Re5 49. Rd4 Rxe4+ 50. Rxe4 f5+ 51. Kf4 fxe4 52. Kxe4 Kf6 53. g4 Kg5 0-1

[Event "BRA-ch Amateur"]
[Site "Sao Paulo"]
[Date "2015.04.03"]
[Round "6"]
[White "Costa, Francisco Carlos Da"]
[Black "Schwertner, Joao Victor Moreir"]
[Result "0-1"]
[WhiteElo "2001"]
[BlackElo "1771"]
[PlyCount "96"]
[EventDate "2015.04.30"]
[EventType "swiss"]
[EventRounds "7"]
[EventCountry "BRA"]
[SourceTitle "EXT 2022"]
[Source "ChessBase"]
[SourceDate "2021.10.06"]
[SourceVersion "1"]
[SourceVersionDate "2021.10.06"]
[SourceQuality "1"]

1. d4 d5 2. c4 e6 3. Nf3 Nf6 4. Nc3 b6 5. Bg5 dxc4 6. e4 Be7 7. Bxc4 Bb7 8. Bb5+ c6 9. Bd3 0-0 10. 0-0 Nbd7 11. Rc1 c5 12. e5 Nd5 13. Bxe7 Qxe7 14. dxc5 Nxc5 15. Bb1 Rad8 16. Qc2 g6 17. Ne4 Nxe4 18. Qxe4 Nc3 19. Qe3 Nxb1 20. Rxb1 Bxf3 21. Qxf3 Rd2 22. Rfd1 Rfd8 23. Rxd2 Rxd2 24. Qc3 Qd7 25. g3 Rd1+ 26. Rxd1 Qxd1+ 27. Kg2 Qd5+ 28. f3 Qxa2 29. Kh3 Qd5 30. Kg4 Kg7 31. h4 b5 32. h5 a5 33. hxg6 hxg6 34. Qc7 a4 35. f4 Qd1+ 36. Kh3 Qh5+ 37. Kg2 g5 38. Qe7 Qg6 39. Kf3 Kh6 40. Ke3 gxf4+ 41. gxf4 Qg3+ 42. Ke4 Qg2+ 43. Kd3 Qf3+ 44. Kc2 Qxf4 45. Qc5 b4 46. Qb5 Qe4+ 47. Qd3 Qxd3+ 48. Kxd3 a3 0-1

[Event "BRA-ch Amateur"]
[Site "Sao Paulo"]
[Date "2015.04.01"]
[Round "3"]
[White "Schwertner, Joao Victor Moreir"]
[Black "Sato, Claudio Takeshi"]
[Result "1-0"]
[WhiteElo "1771"]
[BlackElo "1473"]
[PlyCount "89"]
[EventDate "2015.04.30"]
[EventType "swiss"]
[EventRounds "7"]
[EventCountry "BRA"]
[SourceTitle "EXT 2022"]
[Source "ChessBase"]
[SourceDate "2021.10.06"]
[SourceVersion "1"]
[SourceVersionDate "2021.10.06"]
[SourceQuality "1"]

1. e4 e6 2. d4 d5 3. exd5 exd5 4. Nf3 Nf6 5. Bd3 Be7 6. 0-0 Bg4 7. h3 Bh5 8. Re1 Nc6 9. Bb5 0-0 10. Bxc6 bxc6 11. Nbd2 Bd6 12. b3 Qd7 13. Bb2 Rfe8 14. Rxe8+ Rxe8 15. Qf1 Bg6 16. c4 Ne4 17. Nxe4 Bxe4 18. Nd2 Bf5 19. c5 Bf4 20. Nf3 Re6 21. Re1 Rg6 22. Nh4 Rf6 23. Nxf5 Rxf5 24. Qa6 h5 25. Qxa7 Rg5 26. Qa8+ Kh7 27. Kh1 Qf5 28. Qe8 Qg6 29. Rg1 Qc2 30. Qxf7 Qxf2 31. Bc1 Qxa2 32. Bxf4 Rg6 33. Qf5 Qe2 34. Bxc7 Kh6 35. Qf4+ Kh7 36. Qf3 Qc2 37. Qxh5+ Rh6 38. Qf3 Rf6 39. Qe3 Qg6 40. Bd6 Rf7 41. Qe8 Qf5 42. Qxc6 Rf6 43. b4 Qe4 44. Qd7 Rh6 45. Be5 1-0

[Event "Sao Bernardo do Campo LXSBC op"]
[Site "Sao Bernardo do Campo"]
[Date "2014.07.27"]
[Round "6"]
[White "Tamarozi, Isabelle"]
[Black "Schwertner, Joao Victor Moreir"]
[Result "1-0"]
[WhiteElo "1730"]
[BlackElo "1775"]
[PlyCount "79"]
[EventDate "2014.07.25"]
[EventType "swiss"]
[EventRounds "6"]
[EventCountry "BRA"]
[SourceTitle "EXT 2016"]
[Source "ChessBase"]
[SourceDate "2015.10.08"]
[SourceVersion "1"]
[SourceVersionDate "2015.10.08"]
[SourceQuality "1"]

1. e4 e5 2. Nf3 d6 3. d4 exd4 4. Nxd4 Nf6 5. Nc3 Be7 6. Bc4 0-0 7. Bb3 Nbd7 8. 0-0 Nc5 9. f3 c6 10. Be3 Nxb3 11. Nxb3 Be6 12. Qe1 Qc7 13. Qf2 b6 14. a4 c5 15. Rfd1 Rad8 16. Nd5 Qb7 17. c4 a6 18. Qc2 Bxd5 19. exd5 Nd7 20. a5 b5 21. cxb5 Qxb5 22. Nd2 Bf6 23. Nc4 Ne5 24. Nb6 Rfe8 25. Bf2 Ng6 26. Nc4 Nf4 27. Rd2 Ng6 28. Ra3 Ne5 29. Nb6 Rb8 30. Qa4 Rxb6 31. axb6 Nc4 32. Qxb5 axb5 33. Ra6 Bd8 34. b7 Bc7 35. Rc6 Bb8 36. Rc8 Rf8 37. Re2 Ne5 38. f4 f6 39. fxe5 fxe5 40. Bh4 1-0